FIFA Men’s World Ranking 2023 Top 20 - Statistics

General Stats
  • This quiz has been taken 71 times
  • The average score is 18 of 20
Answer Stats
# Country Points % Correct
1 Argentina 1855.2
100%
5 Brazil 1784.09
100%
2 France 1845.44
100%
8 Spain 1732.64
100%
9 Italy 1718.82
98%
12 United States 1665.27
98%
7 Portugal 1745.06
97%
3 England 1800.05
95%
4 Belgium 1798.46
92%
10 Croatia 1717.57
92%
15 Mexico 1652.7
92%
16 Germany 1631.22
91%
6 Netherlands 1745.48
89%
14 Colombia 1655.29
86%
11 Uruguay 1665.99
86%
17 Japan 1620.19
85%
13 Morocco 1661.69
82%
18 Switzerland 1613.44
77%
19 Denmark 1601.31
75%
20 Senegal 1594.31
58%
No matching quizzes found
Score Distribution
Percent of People with Each Score
Percentile by Number Answered
Your Score History
You have not taken this quiz